Arbres de fiction - Statistiques

Statistiques générales
  • Ce quiz a été pris 29 fois
  • Le résultat moyen est 8 sur 30
Statistiques - réponses
Arbre de fiction Univers % Correct
Arbre blanc de Minas Tirith Le Seigneur des Anneaux
79%
Saule Cogneur Harry Potter
75%
Vénérable Arbre Mojo The Legend of Zelda
61%
Arbre d'Eve One Piece
57%
Grand-Mère Feuillage Pocahontas
57%
Arbre des Ames Avatar
50%
Arbre de la Connaissancedu bien et du mal Bible
46%
Dynarbre Pokémon
43%
Arbre divin Naruto Shippuden
39%
Arbre-coeur Game of Thrones
36%
Arbres Wroshyr Star Wars
36%
Grand Arbre Tenro Fairy Tail
32%
Yggdrasil Mythologie nordique
32%
Arbre à queue Mario
29%
Grand Arbre de Ga'Hoole Les Gardiens de Ga'Hoole
25%
Arbre du Monde (Kaiju) Dragon Ball
21%
Whispy Woods Kirby
18%
Arbre de Thalia Percy Jackson
18%
Arbre de Vie (Sadida) Wakfu
18%
Arbre de la Bodhi Bouddhisme
14%
Poirier savant Les Annales du Disque Monde
11%
Arbre banian Avatar: Le Dernier Maître de l'Air
7%
Arbre Truffula Le Lorax
7%
Le Vermidor The Elder Scrolls
7%
Arbre à cosses A la Croisée des Mondes
4%
Arbre Tumtum Jabberwocky
4%
Arbre de Gaméra Les Légendaires
4%
Orunigi Les Mystérieuses Cités d'Or
0%
Nemeton Teen Wolf
0%
Bourgeon Tower of God
0%
Aucun quiz correspondant
Distribution des résultats
% des personnes avec chaque résultat
Percentile par nombre de réponses
Votre historique - résultats
Vous n’avez pas pris ce quiz